Samba: Précis and concis = Samba, Pocket reference
Uloženo v:
| Hlavní autor: | |
|---|---|
| Médium: | Kniha |
| Jazyk: | Undetermined |
| Vydáno: |
Paris
O'reilly
2001
|
| Témata: | |
| Tagy: |
Přidat tag
Žádné tagy, Buďte první, kdo otaguje tento záznam!
|
| Thư viện lưu trữ: | Trung tâm Học liệu Trường Đại học Cần Thơ |
|---|
| LEADER | 00635nam a2200193Ia 4500 | ||
|---|---|---|---|
| 001 | CTU_56442 | ||
| 008 | 210402s9999 xx 000 0 und d | ||
| 082 | |a 005.3 | ||
| 082 | |b E19 | ||
| 100 | |a Robert Eckstein | ||
| 245 | 0 | |a Samba: Précis and concis = | |
| 245 | 0 | |b Samba, Pocket reference | |
| 245 | 0 | |c Robert Eckstein, David Collier-Brown and Peter Kelly; traduction de Stéphane Larroque | |
| 260 | |a Paris | ||
| 260 | |b O'reilly | ||
| 260 | |c 2001 | ||
| 650 | |a samba ( computer programs ),computer networks,client/server computing | ||
| 650 | |x computer programs | ||
| 980 | |a Trung tâm Học liệu Trường Đại học Cần Thơ | ||